Salavin

Shranjeno v:
Bibliografske podrobnosti
Glavni avtor: Duhamel, Georges (Author)
Format: Knjiga
Jezik:francoščina
Izdano: París Didier 1972
Serija:<Les >Classiques de la Civilisation Française
Teme:
Oznake: Označite
Brez oznak, prvi označite!

MARC

LEADER 00000nam a2200000 a 4500
001 UCQ0084
003 CL-VaPUC
008 980619e19720000FR |||||||||||||||||fre|d
082 0 4 |a 843  |b DUH  |2 21 
100 0 |a Duhamel, Georges  |e author  |9 413089 
245 1 0 |a Salavin 
300 |a 144 p 
942 |c BK 
945 |d 19980619 00:00:00  |a mvenant 
260 |a París  |b Didier  |c 1972 
650 0 |a Novela francesa  |9 264985 
583 |a last modification  |c 19980619 00:00:00  |k Rodrigo Vera 
490 0 |a <Les >Classiques de la Civilisation Française 
999 |c 271244  |d 271242 
952 |0 0  |1 0  |4 0  |6 843_000000000000000_DUH_1972  |7 0  |8 A  |9 305843  |a BIBARQ  |b BIBARQ  |d 2019-11-20  |i 3437809  |l 1  |o 843 DUH 1972  |p 3437809  |r 2025-01-20  |s 2022-11-08  |w 2019-11-20  |y BK  |k ARQ